000
00326nam a2200133Ia 4500
008
191201s2008 xx 000 0 und d
082
_a
658.404
_b
JOT
100
_a
JOY, P.K.
245
0
_a
Total Project Management The Indian Context
260
_a
N.Delhi
_b
Macmillan
_c
2008
300
_a
600
650
_a
MBA
942
_2
ddc
_c
BK
999
_c
3940
_d
3940